| 000 | 01473cam a2200241 4500 | ||
|---|---|---|---|
| 001 | L130593 | ||
| 008 | 050815n2005 000 0 eng u | ||
| 020 | _a011073100X. | ||
| 035 | _a(Sirsi) u130593 | ||
| 041 | _aeng | ||
| 245 | 4 | _aThe Land Registration (Amendment) (No 2) Rules 2005 | |
| 260 |
_aLondon _bTSO _c2005 |
||
| 490 |
_aSI _v2005:1982 |
||
| 520 | _aSet out a number of amendments to the Land Registration Rules 2003 including those relating to the prescription of that part of the contents (and its form) which must be contained in all prescribed clauses leases and to the entries which the registrar must make in respect of interests contained in a lease created on or after 19 June 2006, which is being completed by registration under s27(2)(b) of the Land Registration Act 2002. Contains also a new application form AP1 and other replacement forms. Part IV amends the principal rules to take account of the Civil Partnership Act 2004 and Part V provides, subject to an exception, for forms replaced by these rules to be used for a transitional period. | ||
| 590 | _aIKA160805 | ||
| 650 | _aLAND REGISTRATION RULES 2003 | ||
| 650 | _aLAND REGISTRATION ACT 2002 S27(2)(B) | ||
| 650 | _aLAND REGISTRATION (AMENDMENT) (NO 2) RULES 2005 | ||
| 650 | _aCIVIL PARTNERSHIP ACT 2004 | ||
| 690 | _aPROPERTY-LEASEHOLD PROPERTY | ||
| 856 |
_uhttps://www.opsi.gov.uk/si/si2005/20051982.htm _zView the Rules free of charge at www.opsi.gov.uk... |
||
| 942 | _n0 | ||
| 999 |
_c104490 _d104490 |
||